00893nam a22002537a 45000010005000000030006000050050017000110080041000280200018000690400030000870820010001171000021001272450062001482600037002103000055002475050008003025200101003105210031004115210020004427000019004629420015004819990015004969520128005119085FISKH20251119112827.0251119b cb ||||| |||| 00| 0 eng d a9780545591812 aFISKHbeng cFISKHdFISKH a523.7 aCanizares, Susan aWe need the sun / cBy Susan Canizares and Daniel Moreton aNew York : bScholastic ,c2013. a16 pages : bcolor illustrations ; c21 X 22 cm .  aC  aThe sun works hard all day. Find out what the sun does from sunrise to sunset and why we need it8 a100 bLexile estimate 8 aC bRaz-Plus  aDaniel Moreton 2ddccBKn0 c9085d9085 00102ddc40708JUVFa002b002cTTP Dark Greend2025-11-19l0oCAN 523.7 pFISTK02361r2025-11-19 11:28:24w2025-11-19yBK